| 000 | 00791cam a22002533a 4500 | ||
|---|---|---|---|
| 001 | 18889 | ||
| 003 | PGUSA | ||
| 005 | 20140828083412.0 | ||
| 008 | 060722s2006||||xxu|||||s|||||000 | eng d | ||
| 040 |
_aPGUSA _beng |
||
| 042 | _adc | ||
| 050 | 4 | _aHE | |
| 050 | 4 | _aDC | |
| 100 | 1 | _aFenis, M. | |
| 245 | 1 | 0 |
_aMémoire sur la réunion des trois services, des postes aux chevaux, de la poste aux lettres, et des messageries, sous une seule administration _h[electronic resource] / _cM. Fenis |
| 260 |
_bProject Gutenberg, _c2006 |
||
| 506 | _aPublic domain in the USA. | ||
| 516 | _aElectronic text | ||
| 653 | _aPostal service -- France | ||
| 653 | _aTransportation -- France | ||
| 830 | 0 |
_aProject Gutenberg _v18889 |
|
| 856 | 4 | 0 | _uhttp://www.gutenberg.org/ebooks/18889 |
| 942 | _cEB | ||
| 999 |
_c248144 _d248144 |
||